Catálogo público

Proceedings of the tenth conference of the international organization of citrus virologists / (Record no. 200446)

MARC details
000 -CABECERA
campo de control de longitud fija 00898nam a2200289Ia 4500
001 - NÚMERO DE CONTROL
campo de control Para_1795
003 - IDENTIFICADOR DEL NÚMERO DE CONTROL
campo de control CHAP
008 - DATOS DE LONGITUD FIJA--INFORMACIÓN GENERAL
campo de control de longitud fija 220125s1988 xx 000 0 und d
010 ## - NÚMERO DE CONTROL DE LA BIBLIOTECA DEL CONGRESO
Número de control de LC 200446
040 ## - FUENTE DE LA CATALOGACIÓN
Centro/agencia transcriptor CHAP
082 ## - NÚMERO DE LA CLASIFICACIÓN DECIMAL DEWEY
Número de clasificación PA 634.3063 P7 1988
100 ## - ENTRADA PRINCIPAL--NOMBRE DE PERSONA
Nombre de persona Timmer, L.W.
9 (RLIN) 113330
245 ## - MENCIÓN DE TÍTULO
Título Proceedings of the tenth conference of the international organization of citrus virologists /
Mención de responsabilidad, etc. ed. by L.W. Timmer, S.M. Garnsey and L.Navarro
260 ## - PUBLICACIÓN, DISTRIBUCIÓN, ETC.
Lugar de publicación, distribución, etc. Riverside, Cal. :
Nombre del editor, distribuidor, etc. Library of Citrus Virologists
300 ## - DESCRIPCIÓN FÍSICA
Extensión 428 p.
650 ## - PUNTO DE ACCESO ADICIONAL DE MATERIA--TÉRMINO DE MATERIA
Término de materia o nombre geográfico como elemento de entrada Citricos
Subdivisión general congresos
9 (RLIN) 24414
650 ## - PUNTO DE ACCESO ADICIONAL DE MATERIA--TÉRMINO DE MATERIA
Término de materia o nombre geográfico como elemento de entrada Citricos
Subdivisión general enfermedades por virus
9 (RLIN) 24427
700 ## - PUNTO DE ACCESO ADICIONAL--NOMBRE DE PERSONA
Nombre de persona Garnsey, S.M.
700 ## - PUNTO DE ACCESO ADICIONAL--NOMBRE DE PERSONA
Nombre de persona Navarro, L.
9 (RLIN) 80604
901 ## - ELEMENTOS DE DATOS A LOCAL LDA (RLIN)
a PA 634.3063 P7 1988
902 ## - ELEMENTOS DE DATOS B LOCAL, LDB (RLIN)
a A
905 ## - ELEMENTOS DE DATOS E LOCAL, LDE (RLIN)
a 0000001988 ai 0000000000 00
910 ## - DATOS DE OPCIÓN DEL USUARIO (OCLC)
Datos de opción del usuario 1988
942 ## - ELEMENTOS DE PUNTO DE ACCESO ADICIONAL (KOHA)
Tipo de ítem Koha Parasitologia_
942 ## - ELEMENTOS DE PUNTO DE ACCESO ADICIONAL (KOHA)
Tipo de ítem Koha Parasitologia_
-- 1
Holdings
Estado de retiro Estado de pérdida Fuente del sistema de clasificación o colocación Estado dañado No para préstamo Código de colección Localización permanente Ubicación/localización actual Fecha de adquisición Número de inventario Total de préstamos Signatura topográfica completa Código de barras Fecha visto por última vez Número de copia Precio válido a partir de Tipo de ítem Koha Nota pública
    Dewey Decimal Classification     General Parasitologia Agricola Parasitologia Agricola 27/10/2005 (PA_7435) (No. UACh 169266)   PA 634.3063 P7 1988 4102003443 25/01/2022 Ej.1 25/01/2022 Libro 3